000 00289nam a2200121Ia 4500
008 190216s9999||||xx |||||||||||||| ||und||
100 _aRaghavan Nambiar K M
245 0 _aRajasooyam
260 _bPoorna Pubs Kozhikode
_c1987
300 _a72p
650 _aMalayalam Nadakam
942 _cBK
999 _c26305
_d26305